000 00290nam a22001337a 4500
008 170307b xxu||||| |||| 00| 0 eng d
020 _a0881676640
041 _aeng
080 _a61
100 _a6
101 _aSHM
245 _aMRI OF THE WRIST AND HAND
_cREICHER, M.A
942 _2udc
_cBK
999 _c7017
_d7017